000 00934nas a2200313 4500
001 BR2011001094
003 BR-BrBNA
005 20231205114449.0
007 ta
008 230509b bl.|||p| |||| 00| 00por d
040 _aBR-BrBNA
_bpor
_cBiblioteca Nacional de Agricultura
041 _a(Pt)
072 _aF50
100 1 _aRodal, M.J.N.
100 1 _aMartins, F.R.
100 1 _aSampaio, E.V. de S.B.
245 1 _aLevantamento quantitativo das plantas lenhosas em trechos de vegetação de caatinga em Pernambuco
650 _aPLANTA LENHOSA
650 _aALTURA
650 _aDIÂMETRO
650 _aESTRUTURA VEGETAL
650 _aANÁLISE QUANTITATIVA
650 _aVEGETAÇÃO
650 _aCAATINGA
650 _aPERNAMBUCO
773 0 _tRevista Caatinga (Brazil)
_xISSN 0100-316X
_g(Jul-Sep 2008), v. 21(3) p. 186-199
_wBR2011001094
909 _a202311
_bLúcia
_c55
_dLúcia Elande
942 _2AGRIS
_n0
_cANA
999 _c208884
_d208884